[Event "GAMMA Reykjavik Open 2019"]
[Site "Reykjavik"]
[Date "2019.04.10"]
[Round "4.31"]
[White "Djukic, Nikola"]
[Black "Magnusson, Magnus"]
[Result "1-0"]
[WhiteElo "2566"]
[BlackElo "2006"]
[Annotator "TA"]
[PlyCount "63"]
[EventDate "2019.04.04"]
[EventType "swiss"]
[EventCountry "ISL"]
[SourceTitle "playchess.com"]
[Source "ChessBase"]
[SourceQuality "1"]

{[%evp 17,63,30,64,60,59,58,101,95,98,61,117,108,134,143,146,127,122,131,140,151,197,189,188,172,189,98,225,226,209,209,227,218,337,285,402,408,412,400,417,414,393,407,548,545,562,555,544,489]} 1. e4 e5 2. Nf3 Nc6 3. Bb5 a6 4. Ba4 Nf6 5. O-O Nxe4 6. d4 b5 7. Bb3 d5 8. dxe5 Be6 9. Nbd2 Nxd2 10. Qxd2 {C80: Open Ruy Lopez: Sidelines and 9 Nbd2} Qd7 (10... Be7 11. Rd1 O-O 12. Bxd5 Bxd5 13. Qxd5 Nb4 14. Qd2 Qxd2 15. Bxd2 Nd5 16. Rac1 c5 17. Ba5 Nf4 {1-0 (37) Anand,V (2788)-Polgar,J (2680) Moscow 2009}) 11. a4 {[%cal Ba2a4,Ba4a5][%mdl 32] [#] Hoping for axb5.} b4 12. a5 {aiming for Ba4.White is better.} Na7 $146 ({Predecessor:} 12... Nb8 13. Nd4 c6 14. c3 bxc3 15. Qxc3 Ra7 16. Be3 Rc7 17. Ba4 Be7 {1-0 (40) Findlay,I (2368)-Noritsyn,N (2093) Toronto 2002}) 13. c3 Rb8 ({Black should play} 13... bxc3 $14 14. bxc3 c6) 14. Nd4 c5 {And now ...bxc3 would win.} 15. Ba4 Nb5 16. Nxe6 fxe6 {[#]} 17. c4 $1 {[%mdl 512]} dxc4 18. Qe2 Qd3 19. Qg4 Qf5 20. Qxc4 Be7 21. Bc2 (21. Be3 $18) 21... Qf7 (21... Qxe5 $16 22. Bf4 {[%mdl 64] Skewer} Qd4 23. Qxd4 Nxd4 24. Bxb8 Nxc2) 22. Be3 $18 O-O 23. Bb3 Nc7 24. Bxc5 Rb5 (24... Bxc5 $142 25. Qxc5 Nd5 26. Bxd5 exd5) 25. Be3 Nd5 (25... Bd8 {was called for.} 26. f4 Nd5) 26. Qc6 Qf5 27. Qxa6 Rbb8 28. Bxd5 exd5 29. Bd4 Bg5 30. Qc6 {White is clearly winning.} Qe4 31. Rad1 Rbd8 32. Bb6 {Accuracy: White = 80%, Black = 33%.} 1-0

[Event "GAMMA Reykjavik Open 2019"]
[Site "Reykjavik"]
[Date "2019.04.11"]
[Round "5.1"]
[White "Grandelius, Nils"]
[Black "Hovhannisyan, Robert"]
[Result "0-1"]
[WhiteElo "2687"]
[BlackElo "2630"]
[Annotator "TA"]
[PlyCount "102"]
[EventDate "2019.04.04"]
[EventType "swiss"]
[EventCountry "ISL"]
[SourceTitle "playchess.com"]
[Source "ChessBase"]
[SourceQuality "1"]

{[%evp 12,102,22,14,16,12,18,8,15,22,27,-14,-12,-20,0,0,-6,-11,-14,-31,-23,-17,-20,-15,-12,-21,0,0,0,-20,-19,-75,-72,-60,-25,-32,-26,-26,-21,-70,-91,-49,-53,-91,-91,-91,-91,-115,-39,-52,-41,-48,-60,-78,-53,-66,-68,-68,-75,-70,-47,-680,-30,-87,-102,-87,-87,-1386,0,-15,0,-1473,-1465,-1471,-1391,-1448,-1431,-1425,-1387,-1070,-1157,-871,-821,-1275,-1248,-1297,-1222,-1128,-1015,-885,-892,-668,-571]} 1. e4 e5 2. Nf3 Nc6 3. Bc4 Bc5 4. O-O Nf6 5. d3 d6 6. c3 O-O 7. Re1 a5 {C54: Giuoco Piano: 4 c3 Nf6, main lines with 5 d4 and 5 d3} (7... h6 8. Nbd2 Be6 9. b4 Bb6 10. Bxe6 fxe6 11. Nc4 Ne7 12. h3 c6 13. a4 Bc7 14. Ne3 Ng6 15. Nf1 {½-½ (63) So,W (2780)-Nakamura,H (2777) chess.com INT 2018}) 8. h3 Be6 9. Bb5 Ba7 {The position is equal.} 10. Nbd2 Ne7 11. Nf1 $146 ({Predecessor:} 11. d4 c6 12. Bf1 Ng6 13. b3 Re8 14. Bb2 Qc7 15. c4 exd4 16. Nxd4 {½-½ (56) Tsydypov,Z (2529)-Oparin,G (2613) St Petersburg 2018}) 11... Ng6 12. Ng3 c6 13. Ba4 d5 14. exd5 Nxd5 15. Bc2 Qc7 16. d4 exd4 $1 17. Nxd4 Rae8 18. Bg5 Ndf4 19. Qd2 Bd5 20. Rxe8 Rxe8 21. Re1 (21. Bxg6 $1 $11 {remains equal.} Nxg6 22. Ndf5) 21... Rxe1+ $17 22. Qxe1 Ne6 23. Be3 {next Nxe6 is good for White.} Bxd4 24. cxd4 Nh4 25. Ne4 f5 ({Much worse is} 25... Bxa2 $6 26. b3 $11) 26. f3 Qe7 $36 {[%mdl 2048] Black is more active.} 27. Bf2 {[#]} Nxf3+ $1 {[%mdl 512]} 28. gxf3 {Hoping for Nc3.} fxe4 29. Bxe4 Bxe4 (29... Qg5+ $17 30. Kh2 Bxa2) 30. Qxe4 $15 Qd7 31. Qe5 a4 32. h4 b5 33. b3 axb3 34. axb3 Qd5 35. Qe4 g5 36. hxg5 $2 {[%mdl 8192]} (36. Be3 $15) 36... Nxg5 $2 (36... Qxe4 $1 $19 37. fxe4 Nxg5) 37. Qe8+ (37. Qg4 $1 $11 h5 38. Qg3) 37... Kg7 $17 38. Qe7+ Nf7 39. Qe4 $2 {[%mdl 8192]} (39. Qe3 $17) 39... Ng5 $2 (39... Qxe4 $1 $19 40. fxe4 Ng5) 40. Qe7+ $11 Nf7 $2 {[%mdl 8192]} (40... Kg6 $11) 41. Qe4 $1 $19 {[#]} Qxe4 $1 {Black is clearly winning.} 42. fxe4 {[%mdl 4096] Endgame [#] KB-KN} Ng5 $1 {[%cal Rg5e4]} 43. Kg2 Nxe4 44. Be1 Kf6 45. Kf3 Kf5 46. Ke3 Nf6 47. Kf3 Ke6 48. Bh4 Ne8 49. Ke4 Nd6+ 50. Kf4 Kd5 51. Bf2 Nb7 {Accuracy: White = 35%, Black = 70%.} 0-1

[Event "GAMMA Reykjavik Open 2019"]
[Site "Reykjavik"]
[Date "2019.04.11"]
[Round "5.2"]
[White "Firouzja, Alireza"]
[Black "Potkin, Vladimir"]
[Result "1-0"]
[WhiteElo "2669"]
[BlackElo "2597"]
[Annotator "TA"]
[PlyCount "95"]
[EventDate "2019.04.04"]
[EventType "swiss"]
[EventCountry "ISL"]
[SourceTitle "playchess.com"]
[Source "ChessBase"]
[SourceQuality "1"]

{[%evp 20,95,8,0,5,2,14,0,0,0,0,0,0,0,10,23,14,17,12,0,0,0,0,0,22,26,40,46,52,39,50,52,53,47,60,60,76,0,0,0,0,0,0,0,0,0,0,0,76,73,76,76,78,81,71,72,102,97,111,103,217,210,397,391,473,470,1163,1127,1277,1264,1152,1064,2490,2452,1608,1450,1402,980]} 1. d4 Nf6 2. c4 g6 3. g3 c6 4. Bg2 d5 5. Nf3 Bg7 6. O-O O-O 7. b3 dxc4 8. bxc4 c5 9. Bb2 cxd4 10. Nxd4 Qb6 11. Qc1 Bd7 {A49: 1 d4 Nf6 2 Nf3 g6 3 g3: Anti-King's Indian systems} 12. Nd2 Nc6 13. N2b3 Nxd4 {The position is equal.} 14. Bxd4 Qc7 $1 {[#]} 15. Qf4 $146 ({Predecessor:} 15. c5 Bc6 16. Bxc6 Qxc6 17. Rb1 Qa4 18. Qb2 Rfd8 19. e3 Rac8 20. Nd2 Rc7 21. Rfc1 h5 22. h4 Qd7 23. Nf3 Qf5 24. Ng5 Rcd7 25. Qc2 Qxc2 {½-½ (25) Oparin,G (2613)-Giri,A (2783) St Petersburg 2018}) 15... Qxf4 16. gxf4 Bc6 17. Bxc6 bxc6 18. Rfd1 a5 19. Be5 a4 20. Nc5 Ra5 21. Nb7 Ra7 22. Nd8 $36 {[%mdl 2048] White fights for an advantage.} Ne4 23. Nxc6 Bxe5 24. Nxe5 f6 25. Nd7 Rc8 26. Rac1 Kf7 27. c5 Rac7 28. f3 ({White should try} 28. e3 $16) 28... Nxc5 $11 29. Nb6 Rb8 30. Nxa4 {[%mdl 64] Pin} Ne6 31. Rxc7 Nxc7 {[%mdl 4096] Endgame KRN-KRN} 32. Rd7 Ne6 33. e3 Rc8 (33... Rb1+ $11 34. Kf2 Rh1) 34. Nb6 $1 $16 {[%cal Rb6c8]} Rc1+ 35. Kg2 {Black must now prevent Nd5.} Rc2+ {[#]} 36. Kh3 $1 {And now Nd5 would win.} Ke8 {[#]} 37. Ra7 $1 Nc7 38. a4 {[%cal Ba2a4,Ba4a5,Ba5a6][%mdl 32]} Rc6 39. a5 Nb5 (39... Kf7 $16 {keeps fighting.}) 40. Rb7 $18 {Hoping for Nd5.} Kd8 $2 (40... Nc7 {is a better defense.} 41. Rb8+ Kf7) 41. a6 Na7 42. e4 {White is clearly winning.} ({Less strong is} 42. Rxa7 Rxb6 43. Kg4 Rb5 $16) 42... Nc8 (42... Rd6 $142 43. Kg3 (43. Rxa7 Rxb6 44. e5 Re6 $16) 43... f5) 43. Nxc8 Kxc8 44. Rxe7 Rxa6 45. Rxh7 f5 46. e5 Ra1 47. Kg2 Kd8 48. h4 {Accuracy: White = 84%, Black = 49%.} 1-0

[Event "GAMMA Reykjavik Open 2019"]
[Site "Reykjavik"]
[Date "2019.04.11"]
[Round "5.3"]
[White "Movsesian, Sergei"]
[Black "Stefansson, Hannes"]
[Result "1-0"]
[WhiteElo "2637"]
[BlackElo "2558"]
[Annotator "TA"]
[PlyCount "89"]
[EventDate "2019.04.04"]
[EventType "swiss"]
[EventCountry "ISL"]
[SourceTitle "playchess.com"]
[Source "ChessBase"]
[SourceQuality "1"]

{[%evp 19,89,14,10,-18,3,-29,0,-24,16,-15,36,34,24,37,18,21,41,11,71,67,55,40,69,46,62,47,42,41,74,54,114,108,112,81,81,92,83,85,86,81,278,276,282,267,250,256,232,50,59,50,50,53,135,136,119,136,322,253,276,37,48,0,970,941,891,817,29981,29980,29989,29990,29989,6225]} 1. e4 e5 2. Nf3 Nc6 3. Bc4 Bc5 4. O-O Nf6 5. d3 O-O 6. Nbd2 d6 7. c3 a5 {C54: Giuoco Piano: 4 c3 Nf6, main lines with 5 d4 and 5 d3} 8. Re1 Be6 9. Bb5 Qb8 10. Nf1 Qa7 {LiveBook: 12 Games} 11. Qd2 $146 ({Predecessor:} 11. Be3 Bxe3 12. Nxe3 Ne7 13. a4 Ng6 14. Bc4 Bxc4 15. Nxc4 {½-½ (52) Grandelius,N (2694)-Anton Guijarro,D (2643) Skopje 2019}) 11... Ne7 12. d4 Bb6 13. h3 Rad8 14. Qc2 c6 (14... exd4 $11 15. cxd4 Bxd4) 15. Bd3 Ng6 {[%cal Re5d4]} 16. Be3 Nh5 17. N1d2 Nhf4 18. Bf1 Nh5 (18... f5 $11) 19. a4 $16 Qb8 20. Nc4 Bc7 21. Rad1 h6 22. b4 axb4 23. cxb4 Nf6 24. dxe5 Nxe5 (24... Nxe4 $14 25. exd6 (25. Qxe4 d5 $14) 25... Nxd6) 25. Nfxe5 dxe5 26. a5 (26. Ra1 {with more complications.} Rfe8 27. a5 Qa8 28. Rec1 Re7 29. Nb6) 26... Rxd1 27. Rxd1 Rd8 {next ...Rxd1 is good for Black.} 28. Rb1 Bd7 29. Bc5 Ne8 $2 (29... Be6 $16) 30. Be7 $18 Rc8 31. Nb6 Bxb6 32. axb6 Be6 {[#]} 33. Qc5 $2 ({Only move:} 33. Rd1 $1 $18) 33... Nf6 $14 34. Bxf6 gxf6 35. Ra1 $36 {[%mdl 2048] Strongly threatening Ra7. White is more active.} Kh7 (35... Rd8 $14) 36. Qe7 Re8 37. Qxf6 {And now Ra7 would win.} Qd6 $2 (37... Qd8 $16 38. Qxe5 Qxb6) 38. Ra7 $18 Rb8 39. Ra5 $2 (39. Be2 $18) 39... Rg8 $14 {White should prevent ...Qd1.} 40. Ra7 Qd1 $2 {[%mdl 8192]} (40... Rb8 $11) 41. Rxb7 $18 {White wants to mate with Qxe6.} Rg7 42. Rc7 h5 43. b7 {White mates.} Bc4 44. Qf5+ Rg6 {[#]} 45. Qxg6+ $1 {[%mdl 512] Precision: White = 52%, Black = 31%.} 1-0

[Event "GAMMA Reykjavik Open 2019"]
[Site "Reykjavik"]
[Date "2019.04.11"]
[Round "5.4"]
[White "Cornette, Matthieu"]
[Black "Lupulescu, Constantin"]
[Result "0-1"]
[WhiteElo "2556"]
[BlackElo "2634"]
[Annotator "RC"]
[PlyCount "78"]
[EventDate "2019.04.04"]
[EventType "swiss"]
[EventCountry "ISL"]
[SourceTitle "playchess.com"]
[Source "ChessBase"]
[SourceQuality "1"]
[TimeControl "40/5400+30:1800+30"]

1. e4 {[%emt 0:00:00]} c6 {[%emt 0:00:00]} 2. d4 {[%emt 0:00:09]} d5 {[%emt 0:00:00]} 3. e5 {[%emt 0:00:45]} c5 {[%emt 0:00:17]} 4. dxc5 {[%emt 0:00:43]} e6 {[%emt 0:00:04]} 5. a3 {[%emt 0:00:51]} Bxc5 {[%emt 0:00:27]} 6. Nf3 {[%emt 0:00:24]} Ne7 {[%emt 0:00:51]} 7. Bd3 {[%emt 0:01:15]} Ng6 {[%emt 0:01:39]} 8. O-O {[%emt 0:00:20]} Qc7 {[%emt 0:03:04]} 9. Re1 {[%emt 0:02:13]} O-O {[%emt 0:01:15]} 10. h4 {[%emt 0:04:05]} Nc6 {[%emt 0:07:51]} 11. b4 {[%emt 0:00:32]} Be7 {[%emt 0:06:42]} 12. Bb2 {[%emt 0:00:14]} f5 {[%emt 0:04:39]} 13. g3 {[%emt 0:04:55]} a6 {[%emt 0:17:58]} 14. h5 {[%emt 0:09:04]} Nh8 {[%emt 0:00:21]} 15. c4 {[%emt 0:02:47]} dxc4 {[%emt 0:06:59]} 16. Bxc4 {[%emt 0:01:43]} b5 {[%emt 0:00:20]} 17. Bb3 {[%emt 0:03:42]} Nf7 {[%emt 0:05:33]} 18. Nc3 {[%emt 0:03:09]} Qb7 {[%emt 0:07:31]} 19. Qe2 {[%emt 0:22:28]} Bd7 {[%emt 0:08:30]} 20. Rad1 {[%emt 0:10:48]} Rad8 {[%emt 0:00:10]} 21. Qe3 {[%emt 0:01:50]} Bc8 {[%emt 0:07:36]} 22. Ne2 {[%emt 0:00:32]} h6 {[%emt 0:02:31]} 23. Nf4 {[%emt 0:03:46]} Bg5 {[%emt 0:00:44]} 24. Qc3 {[%emt 0:02:08]} Bxf4 {[%emt 0:00:53]} 25. gxf4 {[%emt 0:00:03]} Rxd1 {[%emt 0:01:31]} 26. Rxd1 {[%emt 0:00:05]} Rd8 {[%emt 0:00:28]} 27. Rc1 {[%emt 0:01:57]} Bd7 {[%emt 0:02:31]} 28. Nh4 {[%emt 0:02:49]} Ne7 {[%emt 0:01:21]} 29. Rd1 {[%emt 0:04:15]} Bc6 {[%emt 0:01:39]} 30. Rxd8+ {[%emt 0:02:31]} Nxd8 {[%emt 0:01:42]} 31. Qc5 {[%emt 0:02:51]} Kf7 {[%emt 0:01:11]} 32. Qd6 {[%emt 0:02:25]} Bd5 {[%emt 0:02:51]} 33. Bxd5 {[%emt 0:05:23]} Qxd5 {[%emt 0:00:14]} 34. Bd4 {[%emt 0:00:37]} Ndc6 {[%emt 0:02:19]} 35. Bc5 {[%emt 0:00:30]} Ke8 {[%emt 0:00:29]} 36. Kh2 {[%emt 0:02:45]} Qxd6 {[%emt 0:01:06]} 37. exd6 {[%emt 0:00:09]} Nd5 {[%emt 0:00:23]} 38. Ng6 {[%emt 0:00:17]} Nf6 {[%emt 0:00:35]} 39. Nf8 {[%emt 0:03:56]} Kxf8 {[%emt 0:00:31]} 0-1

[Event "GAMMA Reykjavik Open 2019"]
[Site "Reykjavik"]
[Date "2019.04.11"]
[Round "5.5"]
[White "Jones, Gawain C B"]
[Black "Thorfinnsson, Bragi"]
[Result "1-0"]
[WhiteElo "2698"]
[BlackElo "2436"]
[Annotator "TA"]
[PlyCount "71"]
[EventDate "2019.04.04"]
[EventType "swiss"]
[EventCountry "ISL"]
[SourceTitle "playchess.com"]
[Source "ChessBase"]
[SourceQuality "1"]

{[%evp 14,71,18,16,11,12,28,8,6,-30,29,29,16,19,8,25,15,22,12,4,0,0,2,4,66,61,93,88,106,84,84,94,84,86,89,85,118,79,79,73,98,79,87,75,122,119,184,183,206,206,206,199,199,199,1174,1167,1167,312,1166,1166]} 1. e4 e5 2. Nf3 Nc6 3. Bc4 Nf6 4. d3 Bc5 5. O-O O-O 6. Re1 d6 7. c3 a5 {C54: Giuoco Piano: 4 c3 Nf6, main lines with 5 d4 and 5 d3} 8. Nbd2 {LiveBook: 26 Games} Ng4 9. Re2 Kh8 {The position is equal.} 10. Nf1 $146 ({Predecessor:} 10. h3 Nh6 11. Nf1 f5 12. Bg5 Qe8 13. d4 Bb6 14. exf5 Nxf5 15. dxe5 Nxe5 16. Nxe5 dxe5 {0-1 (40) Lu,S (2638)-Ding,L (2781) Danzhou 2017}) 10... f5 11. Bg5 Qe8 ({Better is} 11... Qd7) 12. exf5 $11 Bxf5 13. d4 Bb6 14. Ng3 $36 {[%mdl 2048] White has good play.} Bg6 15. h3 Nf6 16. dxe5 Nxe5 17. Nxe5 dxe5 18. Be3 Nh5 (18... Bxe3 $11 19. Rxe3 b5) 19. Bxb6 $14 Nxg3 20. fxg3 {And now Bc5 would win.} cxb6 21. Qd6 Qc6 22. Qxc6 bxc6 23. Rxe5 Rad8 24. a4 Bd3 25. Bxd3 Rxd3 $16 {[%mdl 4096] Endgame KRR-KRR} 26. Rae1 h6 27. R1e2 Rd1+ 28. Kh2 $1 Ra1 29. Re6 Rxa4 (29... Rc8 $16) 30. Rxc6 $18 Rb8 {[#]} 31. Re7 $1 Ra2 {[#]} 32. Rg6 $1 Rxb2 33. Rgxg7 ({Don't do} 33. Rexg7 $6 Ra8 $14) 33... Rc2 $2 (33... Ra8 34. Rh7+ Kg8 35. Rhg7+ (35. Rxh6 a4 $16) 35... Kh8 36. Rh7+ Kg8 37. Rhg7+ (37. Rxh6 a4 $14) 37... Kh8) 34. Rh7+ Kg8 35. Reg7+ Kf8 36. Rg4 {Precision: White = 74%, Black = 41%.} 1-0

[Event "GAMMA Reykjavik Open 2019"]
[Site "Reykjavik"]
[Date "2019.04.11"]
[Round "5.6"]
[White "Hambleton, Aman"]
[Black "L'Ami, Erwin"]
[Result "0-1"]
[WhiteElo "2484"]
[BlackElo "2647"]
[Annotator "TA"]
[PlyCount "178"]
[EventDate "2019.04.04"]
[EventType "swiss"]
[EventCountry "ISL"]
[SourceTitle "playchess.com"]
[Source "ChessBase"]
[SourceQuality "1"]

{[%evp 10,178,0,0,0,0,7,0,12,19,23,15,16,15,20,16,49,28,56,49,64,60,67,65,129,81,100,89,99,96,96,96,96,82,80,81,80,93,133,50,60,50,88,20,45,28,45,23,45,28,45,31,46,37,45,0,52,0,45,35,52,52,60,52,69,52,52,45,62,0,52,0,75,52,53,50,53,50,52,52,52,52,52,52,64,55,55,55,55,42,55,55,62,55,55,55,55,31,55,26,50,22,37,12,31,0,0,0,0,0,0,0,0,0,0,0,0,0,0,0,0,0,0,0,0,0,0,-30,-30,-139,-30,-31,-31,-31,-31,-31,-31,-16,-16,-16,-8,0,0,-8,-8,-8,-8,-10,-8,-375,-349,-373,-362,-259,-248,-1329,-1275,-1166,-552,-1028,-1069,-675,-451,-2666,-1377,-2720,-2263,-29970,-29972,-29967,-29970]} 1. d4 Nf6 2. Bf4 c5 3. e3 Qb6 4. Nc3 a6 5. a3 (5. Bc4 cxd4 6. exd4 e6 7. Nge2 d5 8. Bb3 Bd7 9. O-O Be7 10. Qe1 O-O 11. Rd1 Nc6 {1-0 (23) Aronian,L (2767)-Giri,A (2782) chess.com INT 2018}) 5... e6 6. Nf3 {LiveBook: 17 Games. A45: Trompowsky Attack} d5 7. Be2 Bd7 8. Rb1 {The position is equal.} cxd4 9. exd4 Nc6 10. O-O Be7 11. Re1 Rc8 12. Bf1 Qa7 $146 ({Predecessor:} 12... O-O 13. Ne5 Be8 14. Nxc6 Qxc6 {1-0 (54) Zimmer,R (2260)-Podlesnik,B (2405) Schmiden 1995}) 13. Ne2 b5 14. Ng3 Qb6 15. c3 a5 16. b4 Nd8 (16... O-O $14) 17. Rc1 Nb7 18. Ne5 h5 19. Qe2 (19. Nxd7 {with more complications.} Kxd7 20. a4 Ke8 21. Bxb5+ Kf8 22. h4) 19... Nd6 20. Nxd7 Kxd7 21. Bxd6 Bxd6 22. Qxb5+ Qxb5 23. Bxb5+ Kd8 24. Ne2 (24. bxa5 $16 h4 25. Ne2) 24... Ra8 25. Rb1 Ke7 26. Rb2 (26. Bc6 $16) 26... Rhc8 27. Bd3 Nd7 28. g3 g6 29. Kg2 Rc7 30. Rd1 Kf6 31. Rdb1 Ke7 32. Rd1 Kf6 33. Rdb1 Ke7 34. Rb3 Kf6 35. h4 Ke7 36. R3b2 Kf6 37. Rd1 Ke7 38. Re1 Kf6 39. Rd1 Ke7 $1 40. Rdb1 Kf6 $1 41. Kf1 Ke7 42. Rd1 Kf6 43. Ke1 Ke7 44. Kd2 Kf6 45. f4 Kg7 46. Nc1 f6 47. Nb3 axb4 48. axb4 e5 49. Nc5 Kh6 50. Rf1 e4 51. Bc2 Nb6 52. Bb3 Rca7 53. Kc2 Kg7 54. Rbb1 Kf8 55. f5 Kg7 56. Ne6+ Kh6 57. Nf4 Bxf4 $1 58. Rxf4 {[#] Hoping for fxg6.} g5 59. hxg5+ fxg5 60. Rf2 Rf8 61. g4 h4 62. Re2 Kg7 63. Re3 Kf6 64. Kb2 Rfa8 65. Kc2 Rh8 66. Rh3 Ke7 67. Kb2 Rha8 68. Kc2 Kd6 69. Kb2 (69. Re3 $11 {remains equal.}) 69... Nd7 ({Black should play} 69... Nc4+ $17 70. Kc1 Nb6) 70. Rg1 $11 Nf6 {[%mdl 1024] Black has compensation.} 71. Re3 Rh8 72. Rh3 Kc6 73. Bd1 Kb6 74. Re1 Re7 75. Be2 Ra8 {[#] And now ...Rea7 would win.} 76. Ra1 Rxa1 77. Kxa1 {[%mdl 4096] Endgame KRB-KRN} e3 78. Kb2 Nxg4 {Strongly threatening ...Nf2.} 79. Bxg4 $2 {[%mdl 8192]} (79. c4 $1 $11 {and White is okay.}) 79... e2 $19 80. Bxe2 Rxe2+ {KR-KR} 81. Kb3 Rf2 82. Re3 $2 (82. c4 Rxf5 83. Kc3) 82... g4 {[%cal Bg5g4,Bg4g3,Bg3g2][%mdl 32]} 83. Re6+ Kc7 (83... Kb5 $142 84. Re5 h3 85. c4+ Kb6) 84. Rg6 g3 85. b5 g2 {...h3 is the strong threat.} 86. Kb4 (86. b6+ $142 Kc8 87. Kb4) 86... h3 87. b6+ Kd7 88. Kc5 Rb2 89. Rg7+ Ke8 {Precision: White = 45%, Black = 64%.} 0-1

[Event "GAMMA Reykjavik Open 2019"]
[Site "Reykjavik"]
[Date "2019.04.11"]
[Round "5.7"]
[White "Tari, Aryan"]
[Black "Prithu Gupta"]
[Result "1-0"]
[WhiteElo "2615"]
[BlackElo "2478"]
[Annotator "TA"]
[PlyCount "67"]
[EventDate "2019.04.04"]
[EventType "swiss"]
[EventCountry "ISL"]
[SourceTitle "playchess.com"]
[Source "ChessBase"]
[SourceQuality "1"]

{[%evp 18,67,37,27,32,28,31,29,40,22,92,75,64,42,111,105,96,96,85,80,129,128,126,125,123,113,116,116,113,105,145,126,164,165,165,165,179,178,179,179,179,187,173,164,247,211,941,914,1309,1283,1317,1222]} 1. Nf3 Nf6 2. c4 e6 3. Nc3 c5 4. g3 b6 5. Bg2 Bb7 6. O-O Be7 7. Re1 d5 8. cxd5 exd5 9. d4 O-O 10. b3 Nbd7 {E17: Queen's Indian: 4 g3 Bb7 5 Bg2 Be7} (10... Nc6 11. Bb2 Re8 12. Rc1 cxd4 13. Nxd4 Nxd4 14. Qxd4 Bc5 15. Qf4 Re6 16. Nb5 Ne4 17. e3 Qd7 18. Bh3 {1-0 (65) Bok,B (2639)-Durarbayli,V (2629) Saint Louis 2018}) 11. Bb2 Ne4 12. Rc1 Ndf6 {White has an edge.} 13. Ne5 $146 ({Predecessor:} 13. dxc5 Nxf2 14. Kxf2 Ng4+ 15. Kg1 Bxc5+ 16. e3 Nxe3 17. Rxe3 Bxe3+ 18. Kh1 {0-1 (33) Lobron,E (2500)-Lutz,C (2531) Germany 2017}) 13... Ng5 (13... Nxc3 $11 14. Bxc3 Rc8) 14. h4 Ne6 15. e3 Ne4 (15... cxd4 $14 16. exd4 Re8) 16. Nxe4 $16 dxe4 17. dxc5 Nxc5 {[#]} 18. b4 $1 {[%cal Rb4c5]} Nd3 19. Nxd3 exd3 20. Bxb7 d2 21. Bxa8 dxc1=Q 22. Qxc1 Qxa8 23. Qc4 $40 {[%mdl 128] White wants a kill.} Qf3 24. Bd4 Bd6 25. Rc1 h5 26. b5 Rd8 27. Qc6 Qg4 28. Kg2 Kh7 29. a4 Rd7 {intending ...Rc7.} 30. Qf3 Qg6 (30... Kg6 $142 31. Rc4 Qxf3+ 32. Kxf3 f6) 31. Rc6 {Threatens to win with Qd5.} f6 $2 (31... Qg4 32. a5 Qxf3+ 33. Kxf3 bxa5) 32. Qd5 $18 {White is clearly winning.} Bxg3 33. Qxd7 Bd6+ {[#]} 34. Kf3 $1 {Accuracy: White = 75%, Black = 36%.} 1-0

[Event "GAMMA Reykjavik Open 2019"]
[Site "Reykjavik"]
[Date "2019.04.11"]
[Round "5.8"]
[White "Kjartansson, Gudmundur"]
[Black "Lagarde, Maxime"]
[Result "0-1"]
[WhiteElo "2444"]
[BlackElo "2612"]
[Annotator "TA"]
[PlyCount "60"]
[EventDate "2019.04.04"]
[EventType "swiss"]
[EventCountry "ISL"]
[SourceTitle "playchess.com"]
[Source "ChessBase"]
[SourceQuality "1"]

{[%evp 12,60,26,-12,25,0,25,-8,22,29,25,41,51,39,73,73,73,75,135,139,128,118,103,0,0,-189,-188,-302,-284,-341,-168,-181,-178,-280,-270,-264,-262,-272,-290,-345,-216,-267,-266,-272,-264,-253,-235,-29990,-29991,-29991,-29992]} 1. Nf3 c5 2. c4 g6 3. Nc3 Bg7 4. g3 Nc6 5. Bg2 e5 6. d3 d6 7. Nd2 Be6 {A37: Symmetrical English vs ...g6: 4 Bg2 Bg7 5 Nf3} (7... Nge7 8. Nf1 Nf5 9. h4 h5 10. Bg5 f6 11. Bd2 O-O 12. a3 Be6 13. Nd5 Nce7 14. b4 Nxd5 15. cxd5 {1-0 (85) Forcen Esteban,D (2567)-Lagarde,M (2604) chess.com INT 2019}) 8. Nf1 Qd7 $146 ({Predecessor:} 8... h5 9. h4 Nge7 10. Ne3 O-O 11. Ned5 Rb8 12. Rb1 a6 13. a3 b5 14. cxb5 axb5 15. b4 cxb4 16. axb4 Nxd5 17. Nxd5 Ne7 18. Bg5 {½-½ (18) Saric,I (2441)-Brkic,A (2500) Bosnjaci 2006}) 9. h4 f5 {The position is equal.} 10. h5 gxh5 11. Ne3 Nf6 12. Ned5 Ne7 13. Nxe7 Qxe7 14. Bg5 O-O-O (14... Qd7 $142) 15. Qa4 $16 Kb8 16. b4 $1 {[%cal Rb4c5]} ({Not} 16. Nb5 a6 $11) 16... h6 17. Bxf6 (17. bxc5 $1 $16 hxg5 18. Bxb7 $1 {[%mdl 512]} Qxb7 19. Rb1 Qxb1+ 20. Nxb1) 17... Bxf6 $11 18. e4 $2 (18. Nd5 $11 Bxd5 19. Bxd5) 18... f4 $19 19. Bh3 (19. O-O-O $142) 19... fxg3 20. fxg3 Rhg8 (20... Bxh3 $142 21. Rxh3 Qe6) 21. Bxe6 Qxe6 22. bxc5 (22. O-O-O $142) 22... dxc5 23. O-O-O Rxg3 24. Nd5 Bg5+ 25. Kc2 Be3 26. Qa5 {Qc7+ would kill now.} b6 27. Qe1 Rg2+ 28. Kb3 {[#]} Bd4 $1 {Hoping for ...Rb2+.} 29. Qh4 $2 (29. Rd2 $19 Qg4 30. Rh4) 29... Rb2+ 30. Ka3 Qc8 {Accuracy: White = 43%, Black = 43%.} 0-1